000 00591nam a2200241Ia 4500
003 OSt
005 20221007100903.0
006 a|||||r|||| 00| 0
007 ta
008 221006b |||||||| |||| 00| 0 eng d
024 _a5,375
037 _cTextual
040 _aLCO
_cLCO
_beng
041 _2eng
_aeng
082 _aZ3,7,5, K6
100 _aDEVLIN S P
_9702240
245 0 _aTrial by jury
260 _aLondon
_bMethuen
_c1966
300 _a216
650 _aTRIAL BY JURY
_9702241
942 _hZ3,7,5, K6
_cTEXL
999 _c1174938
_d1174938